Marine toxins and venoms /

Marine fauna

Bibliographic Details
Other Authors: Tu, Anthony T., 1930-
Format: Book
Language:English
Published: New York : M. Dekker, [1988]
Series:Handbook of natural toxins ; v. 3.
Subjects:

MARC

Tag First Indicator Second Indicator Subfields
LEADER 00000pam a2200000 a 4500
001 in00004457813
005 20191202121138.0
008 880113s1988 nyua b 00100 eng
010 |a  88000379  
020 |a 0824776674 
035 |a (OCoLC)17413441 
035 |9 AAA8155MS 
035 |z (UtOrBLW)3284 
035 |a 4962 
040 |a DLC  |c DLC  |d TMV  |d UtOrBLW 
049 |a TMVM  |c 1 
050 0 0 |a QP632.M37  |b M37 1988 
059 |l MS/REF STACKS  |v 1  |z 2  |t BOOK  |k NON-CIRCULATING  |i 3238900851376  |n NL  |a QW 630  |b H236 v.3 1988 
060 4 |a QW 630  |b H236 v.3 1988 
245 0 0 |a Marine toxins and venoms /  |c edited by Anthony T. Tu. 
264 1 |a New York :  |b M. Dekker,  |c [1988] 
264 4 |c ©1988 
300 |a xviii, 587 pages :  |b illustrations ;  |c 27 cm. 
336 |a text  |2 rdacontent  |b txt 
337 |a unmediated  |2 rdamedia 
338 |a volume  |2 rdacarrier  |b nc 
490 1 |a Handbook of natural toxins ;  |v v. 3 
504 |a Includes bibliographies and index. 
520 8 |a Marine fauna 
650 2 |a Marine Toxins. 
650 2 |a Venoms. 
700 1 |a Tu, Anthony T.,  |d 1930- 
830 0 |a Handbook of natural toxins ;  |v v. 3. 
940 |a copy plain 
999 |a MARS 
999 f f |s a0dea0c2-ab33-372d-9fb0-597bf68aef20  |i 34ced0ce-969c-3aab-b056-2e5fc7b80dae  |t 0 
952 f f |p ric  |a Texas A&M University  |b Rellis Campus  |c Joint Library Facility  |d Remote Storage  |t 0  |e QW 630 H236 v.3 1988  |h National Library of Medicine classification  |i unmediated -- volume  |m 3238900851376 
998 f f |a QW 630 H236 v.3 1988  |t 0  |l Remote Storage